00737nam a2200241 a 4500001001300000003000900013005001700022008004100039020002300080082001300103100002100116245004500137260005000182300001000232500003500242505001700277650003200294700002100326902000800347942000700355952011600362999001700478nice12345678IN_TiNIC20260116014940.0050524s2001 cama grd 000 0 eng  a052174X c45000a423bLAN aLandau, Sidney I aCambridge Dictionary of American English aCambridge bCambridge University Press c2001 a1069p aincludes index and biblioraphy2 aIdioms Index aDictionary-English American1 aLandau, Sidney I bSRS cBK 001040708StackRoom-aHMIbHMId2007-06-06g450.00l0o423 LANp11001228r2007-06-06v450.00w2005-05-24yBK c17679d17679